000 00450nam a2200205Ia 4500
001 13624
003 GE_BSU
008 181216s||||||||xx |||||||||||||| ||und||
020 _a0747257892
040 _cGE_BSU
080 _a821.111.3
100 _aPatterson,James.
245 _aWhen the wind blows.
260 _aLondon.
260 _bHeadline book.
260 _c1998
300 _a481p;18cm.
653 _aWhen the wind blows.
942 _cBK
999 _c46779
_d46779